000 02590nam0a2200421 4500
001 RU\NLR\BIBL_A\012739200
005 20220419123201.0
010 _a978-5-9275-3890-4
_9300
021 _aRU
_bКН-П-21-086892
_9КН-П-21-6923
035 _a(NLR Aleph) 012739200
035 _a(RuMoRGB)010916040
090 _a12996861
_c12996861
100 _a20220324d2021 um y0rusy50 ca
101 0 _arus
102 _aRU
105 _aa|||z|||000zy
181 0 _ai
_baxxe
182 1 _an
200 1 _aИнституциональная трансформация общественного сектора в целях повышения качества человеческого капитала
_eмонография
_fБелокрылова О. С., Гуцелюк Е. Ф., Ермишина А. В. [и др.]
_gпод общей редакцией Заслуженного деятеля науки, доктор экономических наук, профессора О.С. Белокрыловой
_gМинистерство науки и высшего образования Российской Федерации, Федеральное государственное автономное образовательное учреждение высшего образования "Южный федеральный университет"
203 _aТекст
_bвизуальный
_cнепосредственный
210 _aРостов-на-Дону
_aТаганрог
_cИзд-во Южного федерального университета
_d2021
215 _a177 с.
_cил., табл.
_d21
320 _aБиблиогр.: с. 162-177 (139 назв.)
320 _aАвт. указаны на обороте тит. с.
606 1 _aКапитал человеческий
_2nlr_sh1
_2nlr_sh2
_3RU\NLR\AUTH\661296254
606 1 _aИнституционализм (экон.)
_2nlr_sh1
_2nlr_sh2
_3RU\NLR\AUTH\66472520
610 0 _aчеловеческий капитал
686 1 _aУ010.033
686 1 _aУ010.5
701 1 _aБелокрылова
_bО. С.
_f1949-
_gОльга Спиридоновна
_3RU\NLR\AUTH\7728332
701 1 _aГуцелюк
_bЕ. Ф.
_gЕлена Федоровна
701 1 _aЕрмишина
_bА. В.
_gАнна Вениаминовна
712 0 2 _aЮжный федеральный университет
_cРостов-на-Дону
_3RU\NLR\AUTH\8810090930
_4475
942 _cBOOK
980 _aNB